000 00962cam a2200229 4500
001 WB4022-02
008 040610n2004 000 0 eng u
035 _a(Sirsi) u126448
245 _aOGC launches green PPP guide
260 _c2004
490 _aOGC Information Note
_v (06/2004) 4 June 2004 (2)
520 _aThe OGC has published an information note "The green public private partnerships guide", which highlights the existing guidance issued on green PPPs. It supports the government commitment to sustainable development on its own estate through environmental considerations. Copies of the information note can be downloaded from http://www.ogc.gov.uk/index.asp?id=1001587.
590 _aWB
590 _aWB
650 _aPUBLIC PRIVATE PARTNERSHIPS
650 _aSUSTAINABLE DEVELOPMENT
650 _aGREEN ISSUES
650 _aENVIRONMENTAL ISSUES
650 _aGREEN PROCUREMENT
690 _aBUILDING AND CONSTRUCTION
942 _n0
999 _c117496
_d117496